Personnage : Overwatch (Juillet 2019) - Statistiques

Statistiques générales
  • Ce quiz a été pris 1 253 fois
    1 223 depuis la dernière actualisation
  • Le résultat moyen est 26 sur 31
Statistiques - réponses
Pays Réponse % Correct
Japon Genji
95%
Japon Hanzo
95%
Suisse Ange
94%
Brésil Lúcio
94%
Égypte Ana
92%
France Fatale
92%
Angleterre Tracer
92%
Corée du Sud D.va
91%
Allemagne Reinhardt
91%
Lune Winston
91%
Népal Zenyatta
91%
Usine de Robot Bastion
90%
Australie Chopper
90%
Australie Chacal
89%
Russie Zarya
89%
Inconnu Soldat : 76
86%
Égypte Pharrah
85%
Suède Brigitte
84%
Inconnu Faucheur
84%
États-Unis Mccree
84%
Chine Mei
84%
Mexique Sombra
84%
Nigéria Orisa
82%
Nigéria Doomfist
81%
Suède Torbjörn
81%
Inde Symmetra
79%
Haiti Baptiste
78%
Irlandaise Moira
78%
États-Unis Ashe
76%
Pays-Bas Sigma
72%
Lune Bouldozeur (Hammond)
52%
Aucun quiz correspondant
Distribution des résultats
% des personnes avec chaque résultat
Percentile par nombre de réponses
Votre historique - résultats
Vous n’avez pas pris ce quiz depuis la dernière actualisation